| 000 | 00334 a2200133 4500 | ||
|---|---|---|---|
| 001 | 89878 | ||
| 082 | _a823.912 WIL | ||
| 090 |
_c42335 _d42335 |
||
| 100 | _aWilson Jacqueline | ||
| 245 |
_aStory of tracy beaker _hEnglish |
||
| 260 |
_aEngland _bCorgi Yearling Books _c2011 |
||
| 300 | _a216 p. | ||
| 740 | _aenglish-novels-fiction | ||
| 942 |
_aNUST-CAE _k823.912 WIL |
||
| 999 |
_c324951 _d324951 |
||